Signals And Systems (Record no. 328773)

MARC details
000 -LEADER
fixed length control field 00474nam a2200181Ia 4500
008 - FIXED-LENGTH DATA ELEMENTS--GENERAL INFORMATION
fixed length control field 230718s9999 xx 000 0 und d
020 ## - INTERNATIONAL STANDARD BOOK NUMBER
International Standard Book Number 9788131732298
041 ## - LANGUAGE CODE
Language code of text/sound track or separate title eng
082 ## - DEWEY DECIMAL CLASSIFICATION NUMBER
Classification number 621.382'2
Item number RAO
100 ## - MAIN ENTRY--PERSONAL NAME
Personal name Rao D.G.
9 (RLIN) 171171
245 ## - TITLE STATEMENT
Title Signals And Systems
250 ## - EDITION STATEMENT
Edition statement 4th ed.
260 ## - PUBLICATION, DISTRIBUTION, ETC. (IMPRINT)
Date of publication, distribution, etc. 2011
Name of publisher, distributor, etc. Pearson Education
300 ## - PHYSICAL DESCRIPTION
Extent 503
365 ## - TRADE PRICE
Currency code Rs.
Price amount 375.00
700 ## - ADDED ENTRY--PERSONAL NAME
Personal name Rao D.G. & Tunga S.
906 ## - LOCAL DATA ELEMENT F, LDF (RLIN)
d O:0210801-Oct-2011B:254324-Aug-2011
c ETC
b 187.5
Holdings
Withdrawn status Lost status Damaged status Not for loan Home library Current library Date acquired Vendor Budget Code Cost, normal purchase price Bill number Total Checkouts Full call number Barcode Checked out Date last seen Date last checked out Discount Cost, replacement price Bill Date Koha item type Original Barcode
        Cummins College of Engineering for Women Pune Cummins College of Engineering for Women Pune 30/09/2011 Om Book Stall ETC 281.25 2543 8 621.382'2 CCEP-BK-39980 15/04/2026 01/04/2026 01/04/2026 187.5 375.00 24/08/2011 Books 039980